000
00333nam a22001457a 4500
008
221213b ||||| |||| 00| 0 eng d
020
_a
9780201058510
041
_a
eng
080
_a
159.9
082
_a
159.9 POL
100
_a
25
101
_a
PSI
245
_a
THE PSYCHOLOGY OF SYMBOLIC ACTIVITY
_c
POLLIO.R.H
942
_2
udc
_c
BK
999
_c
59173
_d
59173